| 000 | 00719nac a22002291ca4500 | ||
|---|---|---|---|
| 001 | a987687930 | ||
| 008 | 170714s2005 gw |||| 000u rus d | ||
| 041 | _arus | ||
| 100 | 1 | _aŠejnis, Viktor L. | |
| 240 | 1 | 4 | _aThe Rise and Fall of Parliament : Watershed Years in Russian Politics (1985-1993) |
| 245 | 0 | 0 |
_aVzlet i padenie parlamenta : _bperelomnye gody v rossijskoj politike (1985-1993) / _cViktor Leonidovic Šejnis |
| 264 |
_aMoskva, _c2005 |
||
| 300 | _a2 Bände | ||
| 650 | 0 | _aVerchovnyj Sovet SSSR | |
| 650 | 0 | _aFöderationsversammlung | |
| 651 | 0 | _aSowjetunion | |
| 710 | 2 | _aMoskovskij centr Karnegi ; Fond Indem | |
| 942 | _cMG | ||
| 040 | _cRU-10907106 | ||
| 003 | RU-10907106 | ||
| 999 |
_c27412 _d27412 |
||